Arabic for english speaking student

Bibliographic Details
Main Author: Tan Sri Prof Dr.Muhammad Abdul Rauf
Format: Book
Published: Selangor : RMi Multimedia Publishing , 1996
Subjects:

MARC

LEADER 00000cam a2200000 7i4500
001 0000014002
005 20080215.0
008 150208
020 |a 9832289025 
090 0 0 |a 492.782421   |b MUH 
100 1 |a Tan Sri Prof Dr.Muhammad Abdul Rauf 
245 1 0 |a Arabic for english speaking student   |c Tan Sri Prof Dr.Muhammad Abdul Rauf 
260 |a Selangor :   |b RMi Multimedia Publishing ,   |c 1996 
650 0 |a Arabic language   |x Grammer 
650 0 |a Arabic language   |x Text books for foreign speakers   |x English 
999 |a 0001010103   |b Book   |c Adult Collection   |e Perbadanan Perpustakaan Awam Johor 
999 |a 0001010104   |b Book   |c Adult Collection   |e Cawangan Batu Pahat 
999 |a 0001010105   |b Book   |c Adult Collection   |e Cawangan Bukit Gambir